|
|
|
|
| LEADER |
01735nam a2200397 a 4500 |
| 001 |
mzk03001066561 |
| 003 |
CZ BrMZK |
| 005 |
20210219082736.0 |
| 007 |
ta |
| 008 |
081110e14880223gw fr|||||00| ||latod |
| 040 |
|
|
|a BOA001
|b cze
|
| 072 |
|
7 |
|a 093
|x Prvotisky
|2 Konspekt
|9 12
|
| 080 |
|
|
|a (0.068)093
|2 MRF
|
| 100 |
1 |
|
|a Mehmed
|b II.,
|d 1432 – 1481
|4 aut
|
| 245 |
1 |
0 |
|a Epistolae Magni Turci inteprete Laudivio
|
| 260 |
|
|
|a Lipsiae :
|b Konrad Kachelofen p. 23.2.,
|c 1488
|
| 300 |
|
|
|a a1-b8 [= 16] listů ;
|c 4°
|
| 500 |
|
|
|a Několik souvěkých latinských glos
|
| 510 |
4 |
|
|a ISTC,
|c im00063000
|u https://data.cerl.org/istc/im00063000
|
| 510 |
4 |
|
|a Catalogue of books printed in the 15. century now in the British Museum,
|c III, 623
|
| 510 |
4 |
|
|a Dokoupil, V. Soupis prvotisků, spravovaných Universitní knihovnou v Brně,
|c 777
|
| 510 |
4 |
|
|a Hain, L. Repertorium Bibliographicum, in quo libri omnes ab arte typographica inventa usque ad annum MD,
|c 10507
|
| 510 |
4 |
|
|a Pindter, R. Die Incunabeln in der Fideicommiss-Bibliothek des Fürsten Dietrichstein auf Schloss Nikolsburg,
|c 497, s. 60
|
| 500 |
|
|
|a Dostupné též v digitální podobě v aplikaci Kramerius
|
| 655 |
|
7 |
|a prvotisky
|7 fd422077
|2 czenas
|
| 700 |
1 |
|
|a Zacchia, Laudivio,
|d činný 1473
|7 ola2003204950
|4 cwt
|
| 856 |
4 |
1 |
|u http://www.digitalniknihovna.cz/mzk/view/uuid:5904d325-f2d7-4ca9-bd22-70466b7f5cf5
|y Digitalizovaný dokument
|
| 903 |
|
|
|a RP
|
| 910 |
|
|
|a BOA001
|b MkP-0000.176
|
| 978 |
|
|
|b Kachelofen, Konrad
|a Leipzig
|c 1488
|
| 984 |
|
|
|a Lipsko
|b Německo
|
| 985 |
|
|
|a 1451-1500
|
| 990 |
|
|
|a BK
|
| 993 |
|
|
|a Y
|
| 991 |
|
|
|k mzk
|
| 996 |
6 |
|
|b 2610397943
|c MkP-0000.176
|l stud. ST
|r Sklad / do násl. otevíracího dne
|n 0
|w 001074573
|u 000010
|a 1
|e BOA001
|s P
|